Statistiken für Spanien-Quiz

Klicken Sie hier um das Quiz zu spielen!

Allgemein

  • Dieses Quiz wurde 1,167 mal gespielt
  • Das Durchschnittsergebnis liegt bei 18 aus 28

Antwortstatistiken

Hinweise Antwort % Korrekt
HauptstadtMadrid
98%
Zweitgrößte StadtBarcelona
98%
NachbarländerFrankreich
97%
NachbarländerPortugal
97%
NachbarländerAndorra
94%
NachmittagsschlafSiesta
89%
Bevölkerungsreichste InselnMallorca
89%
Region der obengenannten StadtKatalonien
88%
Bergkette, die Spanien von Frankreich trenntPyrenäen
81%
Diktator bis 1975Francisco Franco
79%
Spanisch für SpanienEspaña
77%
Halbinsel Spaniens und PortugalsIberien
71%
Jahr, in dem Kolumbus die Neue Welt endeckte1492
71%
Stadt des StierlaufesPamplona
62%
Beste Fußball-LigaLa Liga
61%
Maler von "Guernica"Pablo Picasso
61%
Stadt mit einem Guggenheim-MuseumBilbao
60%
Frühere WährungPeseta
56%
Bevölkerungsreichste InselnGran Canaria
54%
Aktueller KönigFelipe VI.
52%
Bevölkerungsreichste InselnTeneriffa
52%
Der Mann aus La ManchaDon Quixote
44%
Ehepaar das Spanien vereinigteIsabella
43%
Rotes Gewürz, das für Paella gebraucht wirdSafran
40%
Eroberer der InkaFrancisco Pizarro
37%
Eroberer der AztekenHernán Cortés
37%
Ehepaar das Spanien vereinigteFerdinand
32%
Autor des obengenannten BuchesMiguel de Cervantes
28%

Verteilung der Resultate

Perzentil nach korrekt beantworteten Fragen

Anzahl Personen mit jedem Resultat

Ihre Resultats-Entwicklung

Sie haben dieses Quiz noch nicht gespielt